00870nam a2200241 4500003001100000005001700011008004100028022001300069040003900082041000800121082001600129110003500145245010400180260005100284300001300335650004900348650003700397700002000434856006100454942000700515952009100522999001500613LK-CoMWRAF20231118094636.0231118b2004 |||||||| |||| 00| 0 eng d a10181342 aLK-CoMWRAFdLK-CoMWRAFeLK-CoMWRAF aeng a305.42bWOM aWomen living under muslim laws aDossier 26: bA Collection of Articles: Reclaiming Multiple Identities and Challenging its Politics aLondon:bWomen living under muslim laws,c2004 ax, 60 p. aMUSLIM WOMEN-Social conditions--Periodicals  aWomen (Islamic law)--Periodicals aMasters, Sarah  uhttps://www.wluml.org/wp-content/uploads/2005/07/D26.pdf cBK 00104070aMAINbMAINd2023-11-18l0o305.42 WOMpRAF2975r2023-11-18w2023-11-18yBK c4135d4135